Statistics for Singer of which band #6?

Click here to take the quiz!

General Stats

  • This quiz has been taken 35 times
  • The average score is 7 of 20

Answer Stats

HintAnswer% Correct
Chris MartinColdplay
90%
Dave GrohlFoo Fighters
84%
Billy Joe ArmstrongGreen Day
84%
Roger DaltreyThe Who
81%
Chad KroegerNickelback
65%
Chester BenningtonLinkin Park
61%
Gavin RossdaleBush
42%
Jack BlackTenacious D
35%
Mark HoppusBlink 182
32%
Dave GahanDepeche Mode
26%
Maxi JazzFaithless
19%
Mike PattonFaith No More
19%
Greg GraffinBad Religion
16%
Kirk WindsteinCrowbar
10%
Kim BenzieDead Letter Circus
10%
Mark Oliver EverettEels
10%
Joel EkelöfSoen
10%
Chris BallewThe Presidents of the United States of America
10%
Thomas Gabriel FischerCeltic Frost
3%
Cornelius JakhellnSolefald
3%

Score Distribution

Percentile by Number Answered

Percent of People with Each Score

Your Score History

You have not taken this quiz